[Event "Warsaw Najdorf Memorial op-A"]
[Site "Warsaw"]
[Date "2022.07.13"]
[Round "5"]
[White "Golubka, Petr"]
[Black "Musial, Tomasz"]
[Result "0-1"]
[WhiteElo "2378"]
[BlackElo "2131"]
[PlyCount "178"]
[EventDate "2022.07.09"]
[EventType "swiss"]
[EventRounds "9"]
[EventCountry "POL"]
[SourceTitle "CBM 209 Extra"]
[Source "ChessBase"]
[SourceDate "2022.09.30"]
[SourceVersion "1"]
[SourceVersionDate "2022.09.30"]
[SourceQuality "1"]

1. d4 e6 2. c4 b6 3. a3 Nf6 4. Nc3 Bb7 5. f3 d5 6. cxd5 exd5 7. e3 Be7 8. Bd3 0-0 9. Nge2 c5 10. 0-0 Nc6 11. Bd2 Re8 12. Be1 Bd6 13. Bf2 Rc8 14. Bf5 Rb8 15. Nb5 Ba6 16. Nec3 Bf8 17. a4 Bc8 18. Bxc8 Rxc8 19. Ne2 a6 20. Na3 cxd4 21. Nxd4 Nxd4 22. Qxd4 Bc5 23. Qd3 Qe7 24. Nc2 a5 25. Rfd1 Qe5 26. Rab1 Bd6 27. Bg3 Qe7 28. Bf2 Bxh2+ 29. Kxh2 Qc7+ 30. Kg1 Qxc2 31. Qb5 Qc6 32. Qb3 Qe6 33. Rbc1 Rc6 34. Qb5 Rec8 35. Rxc6 Rxc6 36. b4 axb4 37. Qxb4 h6 38. a5 bxa5 39. Qxa5 Rc2 40. Qa8+ Kh7 41. Qa4 Qc8 42. Qd4 Qc4 43. Bh4 Qxd4 44. Rxd4 g5 45. Bg3 Kg6 46. Be5 Rc5 47. e4 dxe4 48. Bxf6 Kxf6 49. Rxe4 h5 50. Kh2 Rc3 51. Ra4 Kg6 52. Ra6+ f6 53. Rb6 Rd3 54. Ra6 g4 55. Ra8 gxf3 56. gxf3 Rxf3 57. Rg8+ Kf5 58. Kg2 Ra3 59. Rh8 Kg4 60. Rg8+ Kf4 61. Kh2 f5 62. Rg7 h4 63. Rg8 Ke3 64. Re8+ Kf3 65. Rh8 Ra2+ 66. Kh3 Ra1 67. Kh2 f4 68. Rb8 Ra2+ 69. Kh3 Kf2 70. Rb3 f3 71. Rb1 Ke2 72. Rb8 f2 73. Re8+ Kf1 74. Kh2 Re2 75. Ra8 Rd2 76. Re8 Re2 77. Ra8 Ke1 78. Ra1+ Kd2 79. Kg2 h3+ 80. Kf3 h2 81. Rh1 Kd3 82. Rd1+ Rd2 83. Rh1 Kc2 84. Rf1 Kd3 85. Rh1 Kc3 86. Rf1 Rd8 87. Ke2 Rf8 88. Rc1+ Kb2 89. Rf1 Kc2 0-1

[Event "Warsaw Najdorf Memorial op-A"]
[Site "Warsaw"]
[Date "2022.07.12"]
[Round "4"]
[White "Bartodziej, Bartosz"]
[Black "Musial, Tomasz"]
[Result "0-1"]
[WhiteElo "1809"]
[BlackElo "2131"]
[PlyCount "112"]
[EventDate "2022.07.09"]
[EventType "swiss"]
[EventRounds "9"]
[EventCountry "POL"]
[SourceTitle "CBM 209 Extra"]
[Source "ChessBase"]
[SourceDate "2022.09.30"]
[SourceVersion "1"]
[SourceVersionDate "2022.09.30"]
[SourceQuality "1"]

1. e4 c6 2. d4 d5 3. Nc3 dxe4 4. Nxe4 Bf5 5. Ng3 Bg6 6. h4 h6 7. Nf3 e6 8. h5 Bh7 9. Bd3 Bxd3 10. Qxd3 Nf6 11. Bd2 Be7 12. 0-0-0 0-0 13. Ne4 Nxe4 14. Qxe4 Qd5 15. Qxd5 cxd5 16. Kb1 Nc6 17. g4 Bd6 18. g5 hxg5 19. Bxg5 f6 20. Bc1 Kf7 21. Nh4 b5 22. Ng6 Rfc8 23. f4 Ne7 24. Nxe7 Bxe7 25. f5 exf5 26. Rdf1 Rc4 27. c3 b4 28. Bd2 bxc3 29. bxc3 Rb8+ 30. Kc2 Ra4 31. Rxf5 Rxa2+ 32. Kd3 a5 33. Rxd5 Ke6 34. c4 Rb3+ 35. Bc3 Bb4 36. Re1+ Kf7 37. Rd7+ Kg8 38. Rg1 Rxc3+ 39. Ke4 Re2+ 40. Kf5 Re7 41. Rxe7 Bxe7 42. h6 Bf8 43. hxg7 Bxg7 44. c5 a4 45. Ke6 a3 46. Rg2 Kf8 47. Kf5 Rc4 48. Ra2 Ra4 49. c6 Ke7 50. Kg6 Kd6 51. Kxg7 Kxc6 52. Kxf6 Kd5 53. Ke7 Kxd4 54. Rh2 Ra7+ 55. Kd6 Ra6+ 56. Kd7 a2 0-1

[Event "Warsaw Najdorf Memorial op-A"]
[Site "Warsaw"]
[Date "2022.07.09"]
[Round "1"]
[White "Musial, Tomasz"]
[Black "Hemmerling, Jaroslaw"]
[Result "1-0"]
[WhiteElo "2131"]
[BlackElo "1854"]
[PlyCount "67"]
[EventDate "2022.07.09"]
[EventType "swiss"]
[EventRounds "9"]
[EventCountry "POL"]
[SourceTitle "CBM 209 Extra"]
[Source "ChessBase"]
[SourceDate "2022.09.30"]
[SourceVersion "1"]
[SourceVersionDate "2022.09.30"]
[SourceQuality "1"]

1. d4 d5 2. c4 e6 3. Nf3 Nf6 4. g3 Bb4+ 5. Nbd2 0-0 6. Bg2 c6 7. 0-0 Be7 8. Qc2 Nbd7 9. e4 dxe4 10. Nxe4 Nxe4 11. Qxe4 c5 12. Rd1 cxd4 13. Nxd4 Qb6 14. Be3 Qxb2 15. Rab1 Qa3 16. Nb5 Qa5 17. Bd2 Qb6 18. Bf4 Qc5 19. Be3 Qe5 20. Qxe5 Nxe5 21. Nc7 Rb8 22. Bxa7 Nd7 23. Bxb8 Nxb8 24. Bxb7 Bxb7 25. Rxb7 Bf6 26. Rdb1 Nc6 27. R7b6 Ne5 28. c5 Nd3 29. c6 Bd4 30. Rb8 Nxf2 31. Rxf8+ Kxf8 32. Rb8+ Ke7 33. Re8+ Kf6 34. Nb5 1-0

[Event "Krakow op-A 32nd"]
[Site "Krakow"]
[Date "2021.12.31"]
[Round "5"]
[White "Flak, Pawel"]
[Black "Musial, Tomasz"]
[Result "1/2-1/2"]
[WhiteElo "2206"]
[BlackElo "2111"]
[PlyCount "118"]
[EventDate "2021.12.27"]
[EventType "swiss"]
[EventRounds "9"]
[EventCountry "POL"]
[SourceTitle "EXT 2023"]
[Source "ChessBase"]
[SourceDate "2022.10.05"]
[SourceVersion "1"]
[SourceVersionDate "2022.10.05"]
[SourceQuality "1"]

1. d4 e6 2. Nf3 Nf6 3. g3 b6 4. Bg2 Bb7 5. c4 Be7 6. 0-0 0-0 7. Nc3 Ne4 8. Qc2 Nxc3 9. Qxc3 c5 10. Rd1 d6 11. b3 Bf6 12. Bb2 Qe7 13. Qd2 Re8 14. Ne1 Bxg2 15. Nxg2 Nc6 16. d5 exd5 17. Bxf6 Qxf6 18. Qxd5 Nd4 19. e3 Ne2+ 20. Kf1 Nc3 21. Qxd6 Nxd1 22. Qxf6 Nxe3+ 23. fxe3 gxf6 24. Ke2 Re5 25. Rf1 Kg7 26. Nf4 Rae8 27. Rf3 Rd8 28. Rf1 Rd6 29. h4 Re8 30. Nh5+ Kg6 31. g4 Red8 32. Rf4 Rd2+ 33. Kf3 R8d6 34. Re4 f5 35. Nf4+ Kg7 36. gxf5 Rxa2 37. Re7 a5 38. Ke4 Rad2 39. Nd5 Rh6 40. Ke5 Rxh4 41. Rb7 a4 42. f6+ Kg6 43. Ne7+ Kg5 44. Nf5 axb3 45. Nxh4 Kxh4 46. Rxf7 b2 47. Rxh7+ Kg3 48. Rh1 Rf2 49. e4 Kf3 50. Rh3+ Ke2 51. Rb3 Kd1 52. Rxb6 Kc2 53. Ke6 Rf4 54. e5 Rxc4 55. Rxb2+ Kxb2 56. Kd5 Rf4 57. Kxc5 Kc3 58. Kd5 Kd3 59. e6 Rf5+ 1/2-1/2

[Event "Krakow op-A 32nd"]
[Site "Krakow"]
[Date "2021.12.28"]
[Round "2"]
[White "Musial, Tomasz"]
[Black "Dzida, Kamil"]
[Result "0-1"]
[WhiteElo "2111"]
[BlackElo "2238"]
[PlyCount "88"]
[EventDate "2021.12.27"]
[EventType "swiss"]
[EventRounds "9"]
[EventCountry "POL"]
[SourceTitle "EXT 2023"]
[Source "ChessBase"]
[SourceDate "2022.10.05"]
[SourceVersion "1"]
[SourceVersionDate "2022.10.05"]
[SourceQuality "1"]

1. d4 Nf6 2. c4 e6 3. g3 d5 4. Bg2 Be7 5. Nf3 0-0 6. 0-0 dxc4 7. Qc2 a6 8. a4 Bd7 9. Qxc4 Bc6 10. Bf4 a5 11. Nc3 Na6 12. Rfc1 Nb4 13. Ne5 Bxg2 14. Kxg2 c6 15. e4 Rc8 16. Rd1 Qb6 17. Rac1 Rfd8 18. Be3 Qc7 19. f4 Bf8 20. Qe2 b6 21. Qf3 c5 22. dxc5 bxc5 23. Nc4 Qb7 24. Nxa5 Qa6 25. Nb3 Nd3 26. Rc2 c4 27. Nd4 Bc5 28. Ndb5 Bxe3 29. Qxe3 h5 30. Re2 e5 31. fxe5 Ng4 32. Qa7 Qe6 33. Nd5 Rxd5 34. exd5 Qxd5+ 35. Kg1 Ngxe5 36. Rxe5 Qxe5 37. Rf1 Rf8 38. Na3 Nc5 39. Rf2 Qe1+ 40. Kg2 Nd3 41. Rf1 Qe4+ 42. Kg1 h4 43. Qd7 Ne1 44. Qf5 Qg2# 0-1

[Event "EU-ch Rapid"]
[Site "Katowice"]
[Date "2021.12.19"]
[Round "7"]
[White "Helis, Tadeusz"]
[Black "Musial, Tomasz"]
[Result "0-1"]
[WhiteElo "2112"]
[BlackElo "2111"]
[PlyCount "96"]
[EventDate "2021.12.18"]
[EventType "swiss (rapid)"]
[EventRounds "11"]
[EventCountry "POL"]
[SourceTitle "CBM 205 Extra"]
[Source "ChessBase"]
[SourceDate "2022.01.31"]
[SourceVersion "1"]
[SourceVersionDate "2022.01.31"]
[SourceQuality "1"]

1. Nf3 Nf6 2. c4 e6 3. g3 b6 4. Bg2 Bb7 5. 0-0 Be7 6. b3 0-0 7. Bb2 d5 8. e3 c5 9. Nc3 Nbd7 10. cxd5 Nxd5 11. Nxd5 Bxd5 12. d4 Bf6 13. Qe2 cxd4 14. Nxd4 Bxg2 15. Kxg2 Qc7 16. Rac1 Qb7+ 17. Qf3 Qxf3+ 18. Kxf3 e5 19. Rc7 Nc5 20. Rd1 exd4 21. exd4 Ne6 22. Rc2 Rad8 23. d5 Bxb2 24. Rxb2 Rd6 25. Rbd2 Nc7 26. h4 Rfd8 27. Ke4 Ne8 28. f3 Nf6+ 29. Ke5 h5 30. Rd4 Kf8 31. g4 hxg4 32. fxg4 Ke7 33. g5 Ne8 34. Kf5 Nc7 35. Ke5 f6+ 36. Ke4 Nb5 37. Rc4 Re6+ 38. Kf4 Re5 39. a4 Nd6 40. Rc7+ Rd7 41. Rc6 Re4+ 42. Kg3 fxg5 43. hxg5 Re3+ 44. Kf4 Rxb3 45. Re1+ Kd8 46. Re6 Rb4+ 47. Kf3 Nf5 48. Re4 Nd4+ 0-1

[Event "EU-ch Rapid"]
[Site "Katowice"]
[Date "2021.12.19"]
[Round "10"]
[White "Przybylski, Wojciech"]
[Black "Musial, Tomasz"]
[Result "1-0"]
[WhiteElo "2321"]
[BlackElo "2111"]
[PlyCount "113"]
[EventDate "2021.12.18"]
[EventType "swiss (rapid)"]
[EventRounds "11"]
[EventCountry "POL"]
[SourceTitle "CBM 205 Extra"]
[Source "ChessBase"]
[SourceDate "2022.01.31"]
[SourceVersion "1"]
[SourceVersionDate "2022.01.31"]
[SourceQuality "1"]

1. e4 e6 2. d4 d5 3. Nc3 Nf6 4. Bg5 dxe4 5. Nxe4 Be7 6. Bxf6 gxf6 7. Nc3 f5 8. g3 Bf6 9. Nf3 c5 10. dxc5 Bxc3+ 11. bxc3 Qxd1+ 12. Rxd1 Nd7 13. Bb5 a6 14. Bxd7+ Bxd7 15. Ne5 Bb5 16. c4 Ba4 17. Kd2 Rc8 18. Nd3 0-0 19. f3 b6 20. Rb1 bxc5 21. Rb6 Rc6 22. Rhb1 Rfc8 23. f4 a5 24. Kc3 Kf8 25. Rxc6 Bxc6 26. Nxc5 Bd5 27. Rb5 Bc6 28. Rxa5 Be8 29. Nd3 Rc7 30. Ra8 Ke7 31. a4 f6 32. a5 Bb5 33. Nb2 Bc6 34. Rh8 Kd6 35. Rf8 Ke7 36. Rb8 Ra7 37. Kb4 Kd6 38. Nd3 e5 39. Rb6 e4 40. Nc1 Ra8 41. Ne2 Kc7 42. Nd4 Bd7 43. Rxf6 e3 44. a6 Re8 45. Ne2 Bc6 46. Kc3 Bf3 47. Kd3 Bg4 48. c5 Rd8+ 49. Rd6 Re8 50. c3 h5 51. Rd5 Bf3 52. Re5 Be4+ 53. Kxe3 Rd8 54. Nd4 Ra8 55. Re6 Rb8 56. Re7+ Kd8 57. Rxe4 1-0

[Event "EU-ch Rapid"]
[Site "Katowice"]
[Date "2021.12.18"]
[Round "2"]
[White "Musial, Tomasz"]
[Black "Vetoshko, Volodymyr"]
[Result "1/2-1/2"]
[WhiteElo "2111"]
[BlackElo "2501"]
[PlyCount "66"]
[EventDate "2021.12.18"]
[EventType "swiss (rapid)"]
[EventRounds "11"]
[EventCountry "POL"]
[SourceTitle "CBM 205 Extra"]
[Source "ChessBase"]
[SourceDate "2022.01.31"]
[SourceVersion "1"]
[SourceVersionDate "2022.01.31"]
[SourceQuality "1"]

1. d4 d5 2. c4 e6 3. Nf3 a6 4. Nbd2 Nf6 5. g3 dxc4 6. Nxc4 b5 7. Nce5 Bb7 8. Bg2 Bd5 9. 0-0 Be7 10. Bf4 0-0 11. Rc1 Bd6 12. Nd3 Nbd7 13. Nfe5 Bxg2 14. Kxg2 Bxe5 15. Nxe5 Nxe5 16. Bxe5 Qd5+ 17. Kg1 Nd7 18. Bxc7 Qxa2 19. Bd6 Rfc8 20. Rxc8+ Rxc8 21. Qa1 Qxa1 22. Rxa1 Rc6 23. Bb4 f5 24. Kf1 Kf7 25. Ke1 Nf6 26. Bc5 e5 27. dxe5 Rxc5 28. exf6 gxf6 29. Rxa6 Rc2 30. Ra7+ Kg6 31. Rb7 Rxb2 32. f3 b4 33. Kf2 b3 1/2-1/2

[Event "POL-chT 1st League"]
[Site "Szklarska Poreba"]
[Date "2021.09.11"]
[Round "8.8"]
[White "Pinski, Jan"]
[Black "Musial, Tomasz"]
[Result "1/2-1/2"]
[WhiteElo "2337"]
[BlackElo "2096"]
[PlyCount "125"]
[EventDate "2021.09.04"]
[EventType "team-swiss"]
[EventRounds "9"]
[EventCountry "POL"]
[SourceTitle "CBM 204 Extra"]
[Source "ChessBase"]
[SourceDate "2021.11.30"]
[SourceVersion "1"]
[SourceVersionDate "2021.11.30"]
[SourceQuality "1"]
[WhiteTeam "Stara Wies Parnas"]
[BlackTeam "Chrzanow Olimpijczyk"]
[WhiteTeamCountry "POL"]
[BlackTeamCountry "POL"]

1. e4 e6 2. d4 d5 3. Nc3 Nf6 4. e5 Nfd7 5. f4 c5 6. Nf3 Nc6 7. Be3 a6 8. Qd2 b5 9. h4 Qb6 10. h5 cxd4 11. Nxd4 Bc5 12. Nce2 b4 13. Rh3 a5 14. 0-0-0 Ba6 15. Nxc6 Qxc6 16. Nd4 Bxd4 17. Bxd4 Nc5 18. Bxa6 Rxa6 19. Kb1 Qb5 20. g4 Rc6 21. f5 Ne4 22. Qd3 Qc4 23. a4 0-0 24. Qxc4 Rxc4 25. b3 Rc6 26. Rg1 Rfc8 27. Rg2 h6 28. Kb2 R8c7 29. Rf3 Rc8 30. Rd3 R8c7 31. Rd1 Rc8 32. Rc1 R8c7 33. Rh2 Rc8 34. Rh3 R8c7 35. Re3 Rc8 36. Rd3 R8c7 37. Re3 Rc8 38. Rh3 R8c7 39. Rh2 Rc8 40. Rg1 R8c7 41. Be3 Kh7 42. Rf1 Kg8 43. Rg1 Kh7 44. Bd4 Kg8 45. Rgg2 Rc8 46. Rh3 R8c7 47. Rf3 Rc8 48. Kc1 R8c7 49. Rf1 Rc8 50. Kb2 R8c7 51. Rfg1 Rc8 52. Re2 Kh7 53. Be3 R8c7 54. fxe6 fxe6 55. g5 hxg5 56. Bxg5 Nxg5 57. Rxg5 Kh6 58. Rg3 Kh7 59. Rg6 Re7 60. Re3 Rf7 61. Reg3 Rf2 62. Rxg7+ Kh6 63. R7g6+ 1/2-1/2

[Event "POL-chT 1st League"]
[Site "Szklarska Poreba"]
[Date "2021.09.10"]
[Round "7.10"]
[White "Musial, Tomasz"]
[Black "Augustyn, Sebastian"]
[Result "1-0"]
[WhiteElo "2096"]
[BlackElo "2147"]
[PlyCount "83"]
[EventDate "2021.09.04"]
[EventType "team-swiss"]
[EventRounds "9"]
[EventCountry "POL"]
[SourceTitle "CBM 204 Extra"]
[Source "ChessBase"]
[SourceDate "2021.11.30"]
[SourceVersion "1"]
[SourceVersionDate "2021.11.30"]
[SourceQuality "1"]
[WhiteTeam "Chrzanow Olimpijczyk"]
[BlackTeam "Pilzno GKSz Hetman"]
[WhiteTeamCountry "POL"]
[BlackTeamCountry "POL"]

1. d4 g6 2. c4 Bg7 3. Nf3 c5 4. d5 b5 5. e4 bxc4 6. Bxc4 d6 7. 0-0 Nf6 8. e5 dxe5 9. Nxe5 0-0 10. Nc3 Bb7 11. Qb3 Qb6 12. Be3 Nbd7 13. Nd3 Ng4 14. Bg5 Qxb3 15. axb3 Bf6 16. Bxf6 Ngxf6 17. Rfe1 Rfe8 18. Ra5 Kf8 19. Nxc5 Nxc5 20. Rxc5 Red8 21. Ra1 Rac8 22. Rb5 Rd7 23. Rxa7 Bxd5 24. Rxd7 Bxc4 25. bxc4 Nxd7 26. b3 e6 27. Na4 Rc7 28. Kf1 Ke7 29. Ke2 Kd6 30. Kd3 Ne5+ 31. Kd4 Ng4 32. f3 Nxh2 33. c5+ Kd7 34. Nb6+ Kc6 35. Ra5 Nf1 36. b4 Nd2 37. Ra2 Nf1 38. Rb2 Kb5 39. Nc4 e5+ 40. Kd5 Ka4 41. b5 Ne3+ 42. Nxe3 1-0

[Event "Ustron op-B"]
[Site "Ustron"]
[Date "2021.08.20"]
[Round "9"]
[White "Musial, Tomasz"]
[Black "Madej, Marek"]
[Result "1/2-1/2"]
[WhiteElo "2108"]
[BlackElo "1950"]
[PlyCount "136"]
[EventDate "2021.08.13"]
[EventType "swiss"]
[EventRounds "9"]
[EventCountry "POL"]
[SourceTitle "CBM 204 Extra"]
[Source "ChessBase"]
[SourceDate "2021.11.30"]
[SourceVersion "1"]
[SourceVersionDate "2021.11.30"]
[SourceQuality "1"]

1. d4 Nf6 2. c4 c5 3. d5 g6 4. Nf3 d6 5. g3 Bg7 6. Bg2 0-0 7. 0-0 Na6 8. Nc3 Nc7 9. a4 e5 10. e4 Na6 11. Ne1 Nh5 12. Be3 Bd7 13. Nd3 f5 14. exf5 Bxf5 15. Ne4 Qd7 16. Qe2 b6 17. Bd2 Nc7 18. Bg5 h6 19. Bd2 Nf6 20. Nxf6+ Rxf6 21. Be4 a6 22. f3 Rff8 23. Nf2 b5 24. b3 Rfb8 25. g4 Bxe4 26. Nxe4 Ne8 27. axb5 axb5 28. Rxa8 Rxa8 29. cxb5 Rb8 30. Ra1 Rxb5 31. Ra8 Rxb3 32. Bxh6 Kh7 33. Bd2 Kg8 34. Bg5 Kf7 35. Rd8 Qc7 36. Bh4 Bf6 37. Bxf6 Nxf6 38. Nxd6+ Kg7 39. Ne8+ Nxe8 40. Rxe8 Rb1+ 41. Kg2 c4 42. Rxe5 Qb8 43. Re7+ Kf8 44. Rh7 Kg8 45. Re7 Kf8 46. Rh7 Kg8 47. Rd7 Rb2 48. Rd8+ Qxd8 49. Qxb2 Qxd5 50. Qc3 g5 51. Kf2 Qc5+ 52. Qe3 Qb5 53. Qd4 Qb3 54. Qd8+ Kf7 55. Qd7+ Kf8 56. Qd8+ Kf7 57. Qd7+ Kf8 58. Qc8+ Kf7 59. Qc7+ Kf8 60. Qc5+ Ke8 61. Qc6+ Kd8 62. Qd6+ Kc8 63. Qe6+ Kb7 64. Kg3 Qd3 65. Qe7+ Kb6 66. Qf6+ Kb7 67. Qe7+ Kb6 68. Qf6+ Kb7 1/2-1/2

[Event "Ustron op-B"]
[Site "Ustron"]
[Date "2021.08.18"]
[Round "7"]
[White "Zabrzanska, Weronika"]
[Black "Musial, Tomasz"]
[Result "0-1"]
[WhiteElo "1969"]
[BlackElo "2108"]
[PlyCount "54"]
[EventDate "2021.08.13"]
[EventType "swiss"]
[EventRounds "9"]
[EventCountry "POL"]
[SourceTitle "CBM 204 Extra"]
[Source "ChessBase"]
[SourceDate "2021.11.30"]
[SourceVersion "1"]
[SourceVersionDate "2021.11.30"]
[SourceQuality "1"]

1. e4 c6 2. d4 d5 3. e5 Bf5 4. Nd2 e6 5. Nb3 c5 6. dxc5 Bxc5 7. Nxc5 Qa5+ 8. c3 Qxc5 9. Nf3 Qc7 10. Bd3 Bxd3 11. Qxd3 Nc6 12. 0-0 Nge7 13. Bf4 h6 14. Rfe1 g5 15. Bg3 Nf5 16. Nd4 Ncxd4 17. cxd4 Qb6 18. Red1 Rc8 19. f3 Qxb2 20. Rab1 Qxa2 21. Qb5+ Kf8 22. Qd7 Rc2 23. Qd8+ Kg7 24. Qf6+ Kg8 25. Bf4 Rxg2+ 26. Kh1 gxf4 27. Rg1 Ng3+ 0-1